Felidae - Every Valid Genus - Statistics

General Stats
  • This quiz has been taken 16 times
  • The average score is 10 of 53
Answer Stats
Felidae % Correct
Panthera
80%
Lynx
73%
Caracal
67%
Felis
67%
Puma
60%
Acinonyx
47%
Leopardus
40%
Neofelis
40%
Otocolobus
40%
Prionailurus
40%
Smilodon
40%
Leptailurus
33%
Catopuma
27%
Homotherium
27%
Herpailurus
20%
Megantereon
20%
Miracinonyx
20%
Promegantereon
20%
Dinofelis
13%
Metailurus
13%
Pardofelis
13%
Proailurus
13%
Xenosmilus
13%
Yoshi
13%
Amphimachairodus
7%
Katifelis
7%
Leptofelis
7%
Lokotunjailurus
7%
Machairodus
7%
Miopanthera
7%
Namafelis
7%
Pachypanthera
7%
Palaeopanthera
7%
Paramachaerodus
7%
Pratifelis
7%
Pseudaelurus
7%
Rhizosmilodon
7%
Sivapanthera
7%
Sivapardus
7%
Styriofelis
7%
Taowu
7%
Adelphailurus
0%
Asilifelis
0%
Diamantofelis
0%
Fortunictis
0%
Hyperailurictis
0%
Leontoceryx
0%
Longchuansmilus
0%
Nimravides
0%
Sivaelurus
0%
Stenailurus
0%
Vinayakia
0%
Vishnufelis
0%
No matching quizzes found
Score Distribution
Percent of People with Each Score
Percentile by Number Answered
Your Score History
You have not taken this quiz